[Event "Budapest Spring Festival 2019"]
[Site "Budapest"]
[Date "2019.04.09"]
[Round "1.10"]
[White "Lyell, Mark"]
[Black "Santos Latasa, Jaime"]
[Result "1/2-1/2"]
[WhiteElo "2298"]
[BlackElo "2585"]
[Annotator "ChessBase"]
[PlyCount "113"]
[EventDate "2019.04.09"]
[EventType "swiss"]
[EventCountry "HUN"]
[SourceTitle "playchess.com"]
[Source "ChessBase"]
[SourceQuality "1"]
[TimeControl "40/5400+30:1800+30"]

1. e4 {[%emt 0:00:04]} c5 {[%emt 0:00:11]} 2. Nc3 {[%emt 0:00:45]} Nc6 {[%emt 0:00:11]} 3. Bb5 {[%emt 0:00:45]} Nd4 {[%emt 0:00:16]} 4. Bc4 {[%emt 0:00:36]} a6 {[%emt 0:00:15]} 5. d3 {[%emt 0:00:49]} e6 {[%emt 0:01:35]} 6. Nge2 {[%emt 0:00:24]} b5 {[%emt 0:00:29]} 7. Bb3 {[%emt 0:00:12]} Nxb3 {[%emt 0:00:35]} 8. axb3 {[%emt 0:00:06]} Bb7 {[%emt 0:00:21]} 9. O-O {[%emt 0:00:42]} Nf6 {[%emt 0:01:11]} 10. f4 {[%emt 0:01:57]} d5 {[%emt 0:00:11]} 11. e5 {[%emt 0:00:55]} d4 {[%emt 0:03:43]} 12. exf6 {[%emt 0:00:28]} dxc3 {[%emt 0:00:19]} 13. f5 {[%emt 0:01:15]} Qxf6 {[%emt 0:10:34]} 14. fxe6 {[%emt 0:00:38]} Qxe6 {[%emt 0:00:14]} 15. Nf4 {[%emt 0:07:26]} Qf6 {[%emt 0:04:18]} 16. bxc3 {[%emt 0:11:10]} Bd6 {[%emt 0:09:55]} 17. Qe2+ {[%emt 0:18:36]} Qe7 {[%emt 0:01:07]} 18. Qxe7+ {[%emt 0:02:49]} Bxe7 {[%emt 0:00:53]} 19. Bb2 {[%emt 0:00:27]} f6 {[%emt 0:01:17]} 20. c4 {[%emt 0:01:26]} Kf7 {[%emt 0:00:24]} 21. Nd5 {[%emt 0:02:13]} Bxd5 {[%emt 0:02:03]} 22. cxd5 {[%emt 0:00:09]} Rhb8 {[%emt 0:02:45]} 23. Be5 {[%emt 0:04:14]} Rb7 {[%emt 0:00:03]} 24. c4 {[%emt 0:01:51]} a5 {[%emt 0:00:21]} 25. Bg3 {[%emt 0:06:58]} bxc4 {[%emt 0:03:23]} 26. bxc4 {[%emt 0:00:12]} Rb3 {[%emt 0:00:15]} 27. Rfb1 {[%emt 0:04:39]} Rxb1+ {[%emt 0:01:06]} 28. Rxb1 {[%emt 0:00:06]} a4 {[%emt 0:00:06]} 29. Kf1 {[%emt 0:09:31]} a3 {[%emt 0:03:23]} 30. Ke2 {[%emt 0:00:42]} a2 {[%emt 0:01:27]} 31. Ra1 {[%emt 0:00:06]} f5 {[%emt 0:00:21]} 32. Be5 {[%emt 0:00:11]} Bf6 {[%emt 0:00:05]} 33. Bxf6 {[%emt 0:03:19]} Kxf6 {[%emt 0:00:11]} 34. Kd2 {[%emt 0:08:59]} Ke5 {[%emt 0:06:02]} 35. Kc3 {[%emt 0:04:34]} Ra3+ {[%emt 0:00:23]} 36. Kb2 {[%emt 0:00:31]} Rxd3 {[%emt 0:00:06]} 37. Rxa2 Kd4 {[%emt 0:01:18]} 38. Kc2 {[%emt 0:06:15]} Rc3+ {[%emt 0:00:50]} 39. Kd1 {[%emt 0:01:25]} Ke5 {[%emt 0:00:25]} 40. Rc2 {[%emt 0:00:00]} Rb3 {[%emt 0:00:00]} 41. Re2+ {[%emt 0:06:09]} Kd4 {[%emt 0:03:03]} 42. d6 {[%emt 0:01:19]} Rb8 {[%emt 0:00:16]} 43. d7 {[%emt 0:02:04]} Rd8 {[%emt 0:00:11]} 44. Re7 {[%emt 0:00:09]} g6 {[%emt 0:00:57]} 45. Rxh7 {[%emt 0:00:38]} Kxc4 {[%emt 0:00:06]} 46. Kc2 {[%emt 0:00:55]} Kd4 {[%emt 0:01:22]} 47. h4 {[%emt 0:01:32]} Ke5 {[%emt 0:02:03]} 48. Kc3 {[%emt 0:02:16]} Ke6 {[%emt 0:00:12]} 49. Kc4 {[%emt 0:05:12]} Rxd7 {[%emt 0:00:17]} 50. Rxd7 {[%emt 0:00:09]} Kxd7 {[%emt 0:00:04]} 51. Kxc5 {[%emt 0:00:37]} Ke6 {[%emt 0:00:12]} 52. Kd4 {[%emt 0:00:20]} Kf6 {[%emt 0:00:22]} 53. Kd5 {[%emt 0:02:39]} g5 {[%emt 0:00:31]} 54. hxg5+ {[%emt 0:00:32]} Kxg5 {[%emt 0:00:09]} 55. Ke5 {[%emt 0:00:49]} Kg4 {[%emt 0:00:06]} 56. g3 {[%emt 0:01:26]} Kxg3 {[%emt 0:00:42]} 57. Kxf5 1/2-1/2

[Event "Budapest Spring Festival 2019"]
[Site "Budapest"]
[Date "2019.04.09"]
[Round "1.11"]
[White "Mikhalevski, Victor"]
[Black "Szieberth, Adam"]
[Result "1-0"]
[WhiteElo "2580"]
[BlackElo "2297"]
[Annotator "TA"]
[PlyCount "113"]
[EventDate "2019.04.09"]
[EventType "swiss"]
[EventCountry "HUN"]
[SourceTitle "playchess.com"]
[Source "ChessBase"]
[SourceQuality "1"]

{[%evp 13,113,22,48,0,7,-22,24,2,-6,-35,-25,-27,-34,-33,-18,-19,0,-2,0,0,0,0,1,0,0,0,0,0,0,0,0,0,7,0,0,0,0,0,6,6,6,0,0,-45,-40,-43,0,0,0,0,0,0,5,0,18,6,8,8,18,8,37,22,153,57,129,136,140,47,47,47,69,14,16,26,74,72,55,64,109,102,186,77,115,115,123,123,122,125,138,0,0,0,139,91,128,8,21,0,29995,-8,29996,-145]} 1. Nf3 d5 2. g3 g6 3. Bg2 Bg7 4. d4 Nf6 5. c4 c6 6. Qb3 dxc4 {D73: Fianchetto Grünfeld: 5 Nf3} (6... O-O 7. O-O Qb6 8. Nc3 Rd8 9. Bd2 dxc4 10. Qxc4 Be6 11. Qa4 Bf5 12. Rfe1 Ne4 13. Nxe4 Bxe4 14. Ba5 Qa6 15. Qa3 Re8 16. Bf1 c5 17. dxc5 Bxb2 {½-½ (17) Ding,L (2813)-Nepomniachtchi,I (2763) Wijk aan Zee 2019}) 7. Qxc4 O-O {LiveBook: 48 Games} 8. Bf4 Nbd7 {The position is equal.} 9. Qc1 $146 ({Predecessor:} 9. O-O Nb6 10. Qc2 Bf5 11. Qb3 Be6 12. Qc2 Bc4 13. b3 Ba6 {0-1 (63) Maslar,A (1770)-Ivas,J (2073) Stari Banovci 2017}) 9... c5 10. dxc5 Qa5+ 11. Nbd2 {[%cal Bb1d2,Bd2c4,Bc4e5][%mdl 32]} Nd5 12. O-O Nxf4 13. gxf4 Qxc5 14. Nc4 Nb6 15. Nce5 Qxc1 16. Rfxc1 Be6 17. a4 Rac8 18. Nd4 Rxc1+ 19. Rxc1 Rc8 20. Ra1 Nd5 21. e3 Bxe5 22. fxe5 b6 23. h3 Nb4 24. Nxe6 fxe6 $11 {[%mdl 4096] Endgame KRB-KRN} 25. Rd1 Rc2 26. b3 Rb2 27. Bf1 Nc6 28. f4 Kf7 29. Bb5 Na5 30. Rd7 Nxb3 31. Rxa7 Nc5 32. Ra8 Ra2 33. h4 h6 34. Be8+ Kg7 35. Ra7 Re2 36. Rc7 Ra2 37. Kf1 Rc2 (37... Ne4 $11) 38. Rc6 (38. h5 $1 $16) 38... Rc3 (38... g5 $14) 39. Ke2 $1 $16 (39. Rxb6 $6 Rxe3 40. Rc6 Nd3 $11) 39... g5 40. fxg5 ({White should play} 40. hxg5 $16 hxg5 41. Rxb6) 40... hxg5 $14 41. hxg5 Kf8 $1 {[%cal Rf8e8]} 42. Bg6 ({White should try} 42. Bd7 $14) 42... Nxa4 $11 43. Rxe6 b5 44. Bh7 {Rg6 is the strong threat.} Rc5 45. Kf3 Kf7 46. Bf5 b4 (46... Nc3 $16 {might work better.} 47. Kg4 Nd5) 47. Rh6 (47. g6+ $18 Kf8 48. Ra6) 47... Rxe5 {[#]} 48. Kf4 $1 Ra5 49. Rh7+ Kf8 {[#]} 50. g6 $1 {Threatening mate with Be6.} Nc5 51. Rh8+ Kg7 52. Rh7+ Kf8 $1 53. Kg5 {Intending Kh6 and mate.} Ra1 54. Bg4 ({Only move:} 54. Rf7+ $16 Ke8 55. Kh6) 54... Ne4+ $1 55. Kh6 {[%cal Rh7h8]} Nf6 $2 {[%mdl 8192]} (55... Rh1+ $11 56. Bh5 Kg8 57. Rg7+ (57. Rxe7 Nf6 $11) 57... Kf8 58. Rf7+ Kg8 59. Rg7+ (59. Rxe7 Nf6 $11) 59... Kf8 60. Rf7+ Kg8 61. Rg7+ (61. Rxe7 Nf6 $11)) 56. Rh8+ Ng8+ {[#]} 57. Rxg8+ $1 {[%mdl 33280] Precision: White = 48%, Black = 51%. . Loss on Time!?} 1-0

[Event "Budapest Spring Festival 2019"]
[Site "Budapest"]
[Date "2019.04.09"]
[Round "1.12"]
[White "Bach, Matthias"]
[Black "Savchenko, Boris"]
[Result "0-1"]
[WhiteElo "2297"]
[BlackElo "2575"]
[Annotator "ChessBase"]
[PlyCount "62"]
[EventDate "2019.04.09"]
[EventType "swiss"]
[EventCountry "HUN"]
[SourceTitle "playchess.com"]
[Source "ChessBase"]
[SourceQuality "1"]
[TimeControl "40/5400+30:1800+30"]

1. d4 {[%emt 0:00:03]} Nf6 {[%emt 0:00:30]} 2. c4 {[%emt 0:00:06]} e6 {[%emt 0:02:05]} 3. Nc3 {[%emt 0:00:07]} c5 {[%emt 0:00:07]} 4. d5 {[%emt 0:00:05]} exd5 {[%emt 0:00:06]} 5. cxd5 {[%emt 0:00:04]} g6 {[%emt 0:00:09]} 6. e4 {[%emt 0:00:07]} d6 {[%emt 0:00:07]} 7. f4 {[%emt 0:00:04]} Bg7 {[%emt 0:00:09]} 8. Nf3 {[%emt 0:00:09]} O-O {[%emt 0:00:10]} 9. Be2 {[%emt 0:00:05]} Re8 {[%emt 0:08:39]} 10. e5 {[%emt 0:01:09]} Nfd7 {[%emt 0:00:13]} 11. e6 {[%emt 0:03:01]} fxe6 {[%emt 0:00:10]} 12. O-O {[%emt 0:00:21]} Nf8 {[%emt 0:08:57]} 13. Bc4 {[%emt 0:03:51]} h6 {[%emt 0:05:20]} 14. Re1 {[%emt 0:11:16]} Na6 {[%emt 0:02:05]} 15. Be3 {[%emt 0:04:34]} Nc7 {[%emt 0:01:56]} 16. Bf2 {[%emt 0:10:02]} exd5 {[%emt 0:08:52]} 17. Bh4 {[%emt 0:10:57]} Rxe1+ {[%emt 0:00:45]} 18. Qxe1 {[%emt 0:00:25]} Bxc3 {[%emt 0:00:12]} 19. Qxc3 {[%emt 0:03:19]} Qe8 {[%emt 0:01:33]} 20. Re1 {[%emt 0:18:30]} Be6 {[%emt 0:00:21]} 21. Bd3 {[%emt 0:00:32]} Qf7 {[%emt 0:01:49]} 22. f5 {[%emt 0:00:13]} gxf5 {[%emt 0:00:12]} 23. Qd2 {[%emt 0:01:30]} f4 {[%emt 0:01:00]} 24. g3 {[%emt 0:01:04]} Re8 {[%emt 0:02:11]} 25. gxf4 {[%emt 0:00:42]} Bf5 {[%emt 0:00:28]} 26. Bxf5 {[%emt 0:09:01]} Qxf5 {[%emt 0:01:30]} 27. Be7 {[%emt 0:00:12]} Kf7 {[%emt 0:01:38]} 28. Bxd6 {[%emt 0:01:23]} Qg6+ {[%emt 0:00:14]} 29. Ng5+ {[%emt 0:01:01]} hxg5 {[%emt 0:00:07]} 30. Bxc7 {[%emt 0:00:25]} Rxe1+ {[%emt 0:00:08]} 31. Qxe1 {[%emt 0:00:33]} gxf4+ {[%emt 0:00:05]} 0-1

[Event "Budapest Spring Festival 2019"]
[Site "Budapest"]
[Date "2019.04.09"]
[Round "1.13"]
[White "Hakobyan, Aram"]
[Black "Turzo, Attila"]
[Result "1/2-1/2"]
[WhiteElo "2554"]
[BlackElo "2296"]
[Annotator "TA"]
[PlyCount "113"]
[EventDate "2019.04.09"]
[EventType "swiss"]
[EventCountry "HUN"]
[SourceTitle "playchess.com"]
[Source "ChessBase"]
[SourceQuality "1"]

{[%evp 12,113,64,64,74,71,74,69,72,67,86,68,79,82,84,84,83,60,78,75,72,24,39,27,27,23,38,-23,-19,-20,8,-37,-35,-41,-12,-17,-23,-44,-37,-71,-75,-72,-75,-93,-93,-95,-92,-84,-13,-13,0,-8,0,-43,-7,-7,0,-8,0,0,0,0,0,0,0,0,0,0,0,-74,-74,-74,-74,-74,-74,-74,-74,-74,-74,-74,-74,-74,-74,-74,-74,-74,0,0,0,0,0,0,0,0,0,0,0,0,0,0,0,0,0,0]} 1. Nf3 c5 2. c4 Nf6 3. Nc3 b6 4. e3 g6 5. d4 Bg7 6. d5 {A47: 1 d4 Nf6 2 Nf3 b6: Torre, London and Colle Systems} d6 (6... O-O 7. e4 e6 8. e5 Ng4 9. Bg5 f6 10. Bh4 d6 11. exd6 e5 12. Be2 Nh6 13. Nxe5 {1-0 (50) Bacallao Alonso,Y (2582)-Flores,D (2631) Buenos Aires 2018}) 7. Bd3 {LiveBook: 3 Games} e5 8. O-O {White is better.} O-O 9. e4 Nh5 10. Re1 $146 ({Predecessor:} 10. a3 Nf4 11. b4 Nd7 12. Nb5 Qe7 13. Be3 a6 14. Nc3 Nxd3 15. Qxd3 f5 16. bxc5 Nxc5 17. Bxc5 bxc5 {0-1 (37) Tornel Gomez,M-Lopez Colon,F (2236) Maspalomas 2000}) 10... Nd7 11. Bg5 Bf6 12. Be3 Be7 13. Bh6 Ng7 14. Qc2 Nf6 15. h3 Kh8 16. Nh2 Ng8 17. Bd2 f5 18. exf5 gxf5 19. f4 (19. a4 $14) 19... e4 20. Be2 h5 {[%cal Bh7h5,Bh5h4][%mdl 32]} 21. Nd1 h4 22. Bc3 Bf6 23. Qd2 Bxc3 24. Qxc3 Qf6 25. Qxf6 Nxf6 26. Ne3 Ngh5 27. Bxh5 Nxh5 28. Rf1 Bd7 29. Rf2 Ng3 ({Better is} 29... b5 $17) 30. Nhf1 $11 Nxf1 31. Rfxf1 b5 32. b3 bxc4 33. bxc4 Rab8 34. Rfb1 a5 35. Kf2 Rg8 36. Ke2 Kg7 37. Kd2 Kf6 38. Kc1 Rb4 39. a3 Rbb8 $1 $36 {[%mdl 2048] Black has some pressure.} 40. Kc2 {[#]} (40. Rxb8 $11 Rxb8 41. Rb1 Rxb1+ 42. Kxb1) 40... Ba4+ $1 $17 41. Kc3 Rge8 42. Kd2 Bb3 43. Rc1 Rb7 44. Rcb1 a4 45. Ke2 Rg8 46. Kf2 Rg3 47. Rb2 Rbg7 {White must now prevent ...Bxc4!} (47... Kg6 {looks sharper.} 48. Rc1 Rf7 49. Re2 Rf8 50. Rb2 Kg7) 48. Rc1 Rxe3 (48... Rd7 $17) 49. Kxe3 {[%mdl 4096] Endgame KRR-KRB. The position is equal.} Rg3+ 50. Kf2 Rd3 51. Ke1 Re3+ 52. Re2 Rd3 53. Rd2 {[#] aiming for Rxd3.} Rg3 54. Re2 Rd3 55. Rd2 {And now Rxd3 would win.} Rg3 56. Kf1 Ke7 57. Ke1 {Precision: White = 57%, Black = 65%.} 1/2-1/2

[Event "Budapest Spring Festival 2019"]
[Site "Budapest"]
[Date "2019.04.09"]
[Round "1.14"]
[White "Khalakhan, Jurij"]
[Black "Aryan Chopra"]
[Result "0-1"]
[WhiteElo "2280"]
[BlackElo "2547"]
[Annotator "TA"]
[PlyCount "110"]
[EventDate "2019.04.09"]
[EventType "swiss"]
[EventCountry "HUN"]
[SourceTitle "playchess.com"]
[Source "ChessBase"]
[SourceQuality "1"]

{[%evp 22,110,0,0,0,0,0,-21,12,0,-10,-7,-5,0,0,-15,0,-20,0,-58,-46,-52,-38,-78,-72,-87,-86,-89,-95,-81,-70,-94,-33,-25,-47,-48,-14,-29,-10,-76,-25,-72,-68,-63,-62,-93,-81,-120,-131,-115,-118,-148,-147,-180,0,-210,-208,-321,-312,-920,-930,-29981,-848,-726,-489,-419,-414,-329,0,-592,-589,-611,-387,-384,-387,-332,-250,-412,-379,-418,-434,-439,-436,-583,-550,-29995,-29996,-29996,-29997,-29997,-29998]} 1. e4 c5 2. d4 cxd4 3. c3 dxc3 4. Nxc3 Nc6 5. Nf3 d6 6. Bc4 e6 7. O-O Nf6 8. Qe2 a6 9. Rd1 Qc7 10. Bf4 Nh5 11. Be3 Be7 12. Rac1 O-O {B21: Sicilian: 2 f4 and Morra Gambit} 13. Bb3 Nf6 14. h3 h6 $146 {The position is equal.} ({Predecessor:} 14... Rd8 15. Na4 Nd7 16. Nd4 Nxd4 17. Bxd4 Qa5 18. Bc3 Qb5 19. Qd2 Qg5 20. f4 {½-½ (53) Jacko,V (2261)-Pal,P (2255) Slovakia 2000}) 15. Nd5 exd5 16. exd5 {[#]} Nxd5 $1 17. Bxd5 Be6 18. Qc4 Bxd5 19. Qxd5 Qd7 20. Bf4 (20. Nd2 $11) 20... Rac8 $15 21. a3 Rfd8 22. b4 Bf6 23. Rb1 Ne7 24. Qa5 d5 25. b5 Bc3 26. Qb6 d4 ({Black should play} 26... a5 $17 {And now ...d4 would win.} 27. Bd2 Ng6) 27. Ne5 Qd5 28. bxa6 bxa6 29. Qxa6 Ra8 $36 {[%mdl 2048] White is under pressure.} 30. Qe2 (30. Qb7 $11 {keeps the balance.} Re8 31. Qb3) 30... Qe6 (30... Rxa3 $17 31. Nf3 Qd7) 31. Qf3 Rxa3 32. Nd3 Qf5 33. Qg3 Ng6 34. Bd6 Ra2 35. Bc7 Re8 36. Bb6 h5 37. Qd6 {[#]} Re4 $2 (37... Rd2 $1 $19 38. Rxd2 Bxd2) 38. Rf1 $2 (38. Qb8+ $1 $11 Kh7 39. Bc7) 38... Nf4 39. Nxf4 (39. Qc5 $142 Qxc5 40. Nxc5) 39... Rxf4 $19 ({Weaker is} 39... Qxf4 40. Qd8+ Kh7 41. Qd5 $15) 40. f3 $2 {[#]} (40. g4 hxg4 41. Bc7) 40... Qc2 $1 {[%csl Ga2][%cal Rc2g2][%mdl 512]} 41. Qd8+ Kh7 {[%csl Ga2][%cal Rc2g2]} 42. Qg5 Rf5 43. Qg3 Rf6 {Strongly threatening ...Rg6.} 44. Rb5 Rf5 $2 ({Better is} 44... g6 $19 45. f4 d3) 45. Rxf5 $4 {[%mdl 8192]} (45. Rbb1 $1 $11 {and White stays safe.} Qd3 46. Bc7) 45... Qxf5 46. f4 Ra6 47. Bc7 Rc6 48. Be5 {[%csl Ge5][%cal Rg3g7]} Rg6 49. Qf3 $2 (49. Qf2) 49... f6 50. Bd6 h4 51. Kh2 d3 52. Qc6 Bd4 53. Qc4 {[#]} Rxg2+ $1 {[%mdl 512] Black mates.} 54. Kxg2 Qe4+ 55. Kh2 Qe2+ {[%mdl 64] Double Attack. Accuracy: White = 27%, Black = 72%.} 0-1

[Event "Budapest Spring Festival 2019"]
[Site "Budapest"]
[Date "2019.04.09"]
[Round "1.15"]
[White "Stupak, Kirill"]
[Black "Kathmale, Sameer"]
[Result "1-0"]
[WhiteElo "2547"]
[BlackElo "2279"]
[Annotator "ChessBase"]
[PlyCount "45"]
[EventDate "2019.04.09"]
[EventType "swiss"]
[EventCountry "HUN"]
[SourceTitle "playchess.com"]
[Source "ChessBase"]
[SourceQuality "1"]
[TimeControl "40/5400+30:1800+30"]

1. d4 {[%emt 0:11:41]} Nf6 {[%emt 0:00:45]} 2. g3 {[%emt 0:00:07]} g6 {[%emt 0:01:28]} 3. Bg2 {[%emt 0:00:24]} c5 {[%emt 0:00:07]} 4. Nf3 {[%emt 0:01:25]} Bg7 {[%emt 0:01:11]} 5. O-O {[%emt 0:00:20]} cxd4 {[%emt 0:06:09]} 6. Nxd4 {[%emt 0:00:02]} Nc6 {[%emt 0:00:45]} 7. c4 {[%emt 0:00:04]} O-O {[%emt 0:01:56]} 8. Nc3 {[%emt 0:00:06]} a6 {[%emt 0:04:38]} 9. c5 {[%emt 0:02:17]} Nxd4 {[%emt 0:02:06]} 10. Qxd4 {[%emt 0:02:15]} d6 {[%emt 0:00:08]} 11. cxd6 {[%emt 0:04:23]} Ne8 {[%emt 0:00:14]} 12. Qh4 {[%emt 0:01:11]} Nxd6 {[%emt 0:00:18]} 13. Rd1 {[%emt 0:00:02]} Bd7 {[%emt 0:11:43]} 14. Nd5 {[%emt 0:09:20]} Nf5 {[%emt 0:18:30]} 15. Qb4 {[%emt 0:00:38]} a5 {[%emt 0:17:01]} 16. Qxb7 {[%emt 0:03:48]} Rb8 {[%emt 0:03:19]} 17. Qa7 {[%emt 0:00:39]} Bxb2 {[%emt 0:08:21]} 18. Bxb2 {[%emt 0:01:45]} Rxb2 {[%emt 0:00:02]} 19. Bh3 {[%emt 0:07:00]} Rc2 {[%emt 0:01:02]} 20. e4 {[%emt 0:05:40]} e6 {[%emt 0:01:44]} 21. Qxd7 {[%emt 0:00:07]} exd5 {[%emt 0:00:14]} 22. Qxd8 {[%emt 0:00:02]} Rxd8 {[%emt 0:00:08]} 23. exf5 {[%emt 0:00:02]} 1-0

[Event "Budapest Spring Festival 2019"]
[Site "Budapest"]
[Date "2019.04.09"]
[Round "1.16"]
[White "Nemeth, Zoltan"]
[Black "Horvath, Adam"]
[Result "0-1"]
[WhiteElo "2279"]
[BlackElo "2533"]
[Annotator "TA"]
[PlyCount "84"]
[EventDate "2019.04.09"]
[EventType "swiss"]
[EventCountry "HUN"]
[SourceTitle "playchess.com"]
[Source "ChessBase"]
[SourceQuality "1"]

{[%evp 9,84,-26,-32,-54,-34,-53,-70,-79,-96,-90,-80,-82,-85,-69,-84,-124,-68,-132,-129,-125,-125,-125,-84,-91,-81,-82,-76,-112,-113,-149,-146,-146,-123,-136,-136,-149,-149,-139,-137,-290,-287,-298,-297,-271,-275,-270,-237,-258,-247,-196,-95,-91,-91,-91,-90,-95,-86,-131,-85,-162,-175,-282,-275,-263,-277,-241,-252,-472,-435,-749,-746,-727,-724,-687,-656,-709,-700]} 1. e4 c5 2. c4 Nc6 3. b3 (3. Nc3 g6 4. g3 Bg7 5. Bg2 d6 6. d3 e6 7. Nge2 Nge7 8. O-O O-O 9. Rb1 b6 10. a3 Bb7 11. b4 Qd7 12. Bg5 h6 13. Be3 Nd4 14. f4 f5 15. Qd2 Kh7 16. Rbe1 Rae8 17. Bf2 Nec6 18. b5 Nxe2+ 19. Nxe2 Nd4 20. Nxd4 cxd4 21. exf5 gxf5 22. Bxb7 Qxb7 {0-1 (30) Dominguez Perez,L (2732)-Wojtaszek,R (2727) Huaian 2016}) 3... d6 4. Nc3 g6 5. Bb2 Bg7 6. g3 {B20: Sicilian: Unusual White 2nd moves} f5 $146 ({Predecessor:} 6... e6 7. Bg2 Nge7 8. Nge2 O-O 9. O-O a6 10. a3 Rb8 11. Rb1 b5 12. cxb5 axb5 {0-1 (34) Benitez,F (1887)-Carrasco Sagredo,M (2095) Cullera 2004}) 7. exf5 Bxf5 8. g4 {Black is slightly better.} Bd7 9. h3 Nd4 {White must now prevent ...Bc6.} 10. Bg2 Bc6 11. Bxc6+ bxc6 12. Nf3 Qd7 (12... Nh6 $17 13. Nxd4 cxd4) 13. Na4 (13. d3 $15) 13... Nh6 $17 14. Nxd4 cxd4 15. Qf3 Rf8 16. Qe4 e5 17. d3 Nf7 18. O-O-O Ng5 19. Qg2 O-O-O 20. Kb1 Rf7 $36 {[%mdl 2048] Keeping White busy.} 21. Bc1 Nf3 22. h4 h6 23. Rh3 Rdf8 24. Rdh1 $2 {[#]} (24. Rhh1 $17 {was called for.}) 24... e4 $1 $19 {[%mdl 512]} 25. Nb2 (25. dxe4 Qe6) 25... Qe6 26. Rd1 e3 27. fxe3 dxe3 {Strongly threatening ...e2.} 28. Re1 Nxe1 29. Qxc6+ {[#]} Kb8 (29... Rc7 30. Qa6+ Kb8 31. Rxe3 $17) (29... Kd8 $1 $19 {and Black stays clearly on top.} 30. Rxe3 Qd7 31. Qa8+ Qc8 32. Qxc8+ Kxc8 33. Rxe1 Rf1) 30. Rxe3 $17 Qd7 31. Qxd7 Rxd7 32. Rxe1 Rf2 33. Re6 Rdf7 34. Nd1 (34. Rxd6 $17 Rh2 35. d4 (35. Rxg6 $2 Bd4 $19)) 34... Rh2 $19 35. c5 (35. Rxg6 $142 Rf1 36. Rxg7 Rxd1 37. Rg8+ Kc7 38. Ra8) 35... dxc5 36. Ne3 Bd4 {And now ...Rh1 would win.} ({Much less strong is} 36... Rxh4 37. Rxg6 h5 38. gxh5 $17) 37. Nf5 Rh1 ({Don't do} 37... gxf5 38. Bf4+ Kc8 39. Bxh2) 38. Nxd4 $2 (38. Rxg6 {is a better defense.} Be5 39. Kc2 (39. Rxh6 $2 Bf4 $19)) 38... cxd4 {Black is clearly winning.} 39. h5 (39. Rc6 $142 h5 40. gxh5 gxh5 41. Kb2) 39... Rc7 40. Kb2 Rhxc1 41. hxg6 R1c2+ 42. Kb1 Rg2 {Accuracy: White = 34%, Black = 81%.} 0-1

[Event "Budapest Spring Festival 2019"]
[Site "Budapest"]
[Date "2019.04.09"]
[Round "1.17"]
[White "Gonda, Laszlo"]
[Black "Pratyusha, Bodda"]
[Result "1-0"]
[WhiteElo "2527"]
[BlackElo "2277"]
[Annotator "TA"]
[PlyCount "61"]
[EventDate "2019.04.09"]
[EventType "swiss"]
[EventCountry "HUN"]
[SourceTitle "playchess.com"]
[Source "ChessBase"]
[SourceQuality "1"]

{[%evp 18,61,17,16,19,31,51,32,35,33,84,56,73,97,62,62,217,212,316,318,304,294,306,311,296,310,336,298,300,286,281,266,270,280,318,326,314,323,475,467,458,441,695,675,716,726]} 1. Nf3 d5 2. g3 Bg4 3. Bg2 c6 4. c4 e6 5. O-O Nd7 6. cxd5 exd5 7. d3 Ngf6 8. Nc3 Be7 9. Qc2 O-O 10. e4 {LiveBook: 55 Games} Bxf3 {A11: English Opening: 1...c6} (10... Nc5 11. Ne5 Be6 12. Kh1 Nfd7 13. Nf3 Nb6 14. Rd1 Rc8 15. Nd4 Bg4 16. f3 Bd7 17. Be3 g6 18. Qf2 {½-½ (50) Rapport,R (2693)-Duda,J (2658) Reykjavik 2015}) 11. Bxf3 {[%cal Re4d5]} d4 $146 ({Predecessor:} 11... Ne5 12. Be2 dxe4 13. dxe4 Bc5 14. Na4 Bb4 15. a3 Bd6 {1-0 (15) Favaloro,A (2276)-Cleve Prinz,W (2002) Arco 2018}) 12. Nb1 {[%cal Bc3b1,Bb1d2,Bd2f3][%mdl 32]} Qb6 {White is slightly better.} 13. Nd2 Rfc8 (13... a5 $14) 14. Bg2 {[%cal Bf3g2,Bg2h3,Bh3e6][%mdl 32]} Qd8 15. a4 a5 16. Bh3 b5 $2 {[#]} (16... h5 $14) 17. Nf3 $18 c5 (17... bxa4 {was worth a try.} 18. Nxd4 (18. Rxa4 c5 $16) (18. Qxa4 h5 $16) 18... c5) 18. e5 (18. axb5 h5 $18) 18... Ne8 19. e6 ({Resist} 19. axb5 $6 Nc7 $18) 19... fxe6 20. Bxe6+ Kh8 21. axb5 Rcb8 22. Bc4 Nd6 23. Bf4 Rb6 24. Bxd6 Rxd6 25. Rfe1 Bf8 26. h4 {[%cal Bh2h4,Bh4h5][%mdl 32]} h6 27. h5 Qf6 (27... Be7 $142 28. Be6 Bf6) 28. Qe2 {White is clearly winning.} Nb6 29. Ba2 Nd5 (29... c4 $142 30. Ne5 Qf5 31. dxc4 d3) 30. Qe4 Rad8 31. Ne5 {Accuracy: White = 86%, Black = 28%.} 1-0